000 00627nam a2200229 i 4500
001 C2-0285475
003 PPAK
005 20180728015138.0
008 080106s1959 my |||| ||||| | may d
040 _aPPAK
_beng
_cPPAK
_erda
082 0 4 _a923.5595
_223
090 0 0 _a923.5595
_bABD
_dKSS
100 0 _aAbdul Aziz Zakaria,
_eauthor
245 1 0 _aLt. Nor pahlawan gerila
264 1 _aKuala Lumpur :
_bDewan Bahasa dan Pustaka ,
_c1959
300 _a43 pages ;
_c19 cm
336 _2rdacontent
_atext
337 _2rdamedia
_aunmediated
338 _2rdacarrier
_avolume
650 1 0 _aMilitary Biography
942 _ddc
_cB
999 _c91348
_d91348